000 00709nam a2200289Ia 4500
005 20260324113346.0
008 008 260324s9999 xx 000 0 eng d
020 _a9781003537465
037 _aEBOOK
040 _aCRL
040 _beng
040 _cCRL
041 _2eng
041 _aeng
084 _qCRL
100 _aAaron Connelly; Shona Loong
_91146454
245 0 _aNew Answers to Old Questions
245 0 _bMyanmar Before and After the 2021 Coup d’État
260 _bTaylor and Francis
260 _c2024
365 _a
365 _b110
856 _uhttp://www.taylorfrancis.com/books/9781003537465
942 _cEBOOK
999 _c1736059
_d1736059